Internet-Based workflow management : Toward a semantic web

Internet-based business transactions can be broken down into a series of independent steps. This workflow often involves tools from an array of fields, such as network modeling, scheduling, distributed systems, artificial intelligence, software agents, and Java. This book serves as a single, compreh...

Full beskrivning

Sparad:
Bibliografiska uppgifter
Huvudupphovsman: Marinescu, Dan C.
Materialtyp: Bok
Språk:Undetermined
Publicerad: New York Wiley-Interscience 2002
Ämnen:
Taggar: Lägg till en tagg
Inga taggar, Lägg till första taggen!
Thư viện lưu trữ: Trung tâm Học liệu Trường Đại học Cần Thơ
LEADER 01171nam a2200229Ia 4500
001 CTU_157094
008 210402s9999 xx 000 0 und d
020 |c 106.65 
082 |a 658.054678 
082 |b M338 
100 |a Marinescu, Dan C. 
245 0 |a Internet-Based workflow management : 
245 0 |b Toward a semantic web 
245 0 |c Dan C. Marinescu 
260 |a New York 
260 |b Wiley-Interscience 
260 |c 2002 
520 |a Internet-based business transactions can be broken down into a series of independent steps. This workflow often involves tools from an array of fields, such as network modeling, scheduling, distributed systems, artificial intelligence, software agents, and Java. This book serves as a single, comprehensive resource for IT practitioners and students that covers all these vital aspects of workflow management. 
650 |a Workflow,Business enterprises,Tiến độ làm việc,Doanh nghiệp kinh doanh 
650 |x Computer networks,Computer network resources,Các mạng máy tính,Tài nguyên mạng máy tính 
904 |i QHieu 
980 |a Trung tâm Học liệu Trường Đại học Cần Thơ